| LDR | | 02437cmm uu200577Ka 4500 |
| 001 | | 000000299198 |
| 003 | | OCoLC |
| 005 | | 20230517132254 |
| 006 | | m d |
| 007 | | cr cnu---unuuu |
| 008 | | 101101s2010 nyuaf ob 001 0deng d |
| 020 | |
▼a 9780814722732 (electronic bk.) |
| 020 | |
▼a 0814722733 (electronic bk.) |
| 020 | |
▼z 9780814722411 |
| 020 | |
▼z 0814722415 |
| 020 | |
▼z 9780814722428 |
| 020 | |
▼z 0814722423 |
| 035 | |
▼a (OCoLC)676697646 |
| 040 | |
▼a N$T
▼b eng
▼c N$T
▼d YDXCP
▼d E7B
▼d OCLCQ
▼d 248032 |
| 043 | |
▼a n-us-ny |
| 049 | |
▼a K4RA |
| 050 | 4 |
▼a F128.9.P85
▼b Y68 2010eb |
| 072 | 7 |
▼a SOC
▼x 002010
▼2 bisacsh |
| 072 | 7 |
▼a SOC
▼x 031000
▼2 bisacsh |
| 072 | 7 |
▼a SOC
▼x 020000
▼2 bisacsh |
| 082 | 04 |
▼a 305.868/72950747
▼2 22 |
| 245 | 04 |
▼a The Young Lords
▼h [electronic resource] :
▼b a reader /
▼c edited by Darrel Enck-Wanzer ; foreword by Iris Morales and Denise Oliver-Velez. |
| 260 | |
▼a New York :
▼b New York University Press,
▼c c2010. |
| 300 | |
▼a 1 online resource (xvi, 253 p., [8] p. of plates) :
▼b ill. |
| 504 | |
▼a Includes bibliographical references and index. |
| 588 | |
▼a Description based on print version record. |
| 610 | 20 |
▼a Young Lords (Organization)
▼x History
▼v Sources. |
| 650 | 0 |
▼a Puerto Ricans
▼z New York (State)
▼z New York
▼x Social conditions
▼y 20th century
▼v Sources. |
| 650 | 0 |
▼a Puerto Ricans
▼z New York (State)
▼z New York
▼x Politics and government
▼y 20th century
▼v Sources. |
| 650 | 0 |
▼a Puerto Ricans
▼z New York (State)
▼z New York
▼v Biography. |
| 650 | 0 |
▼a Political activists
▼z New York (State)
▼z New York
▼v Biography. |
| 650 | 0 |
▼a Readers. |
| 650 | 7 |
▼a SOCIAL SCIENCE
▼x Anthropology
▼x Cultural.
▼2 bisacsh |
| 650 | 7 |
▼a SOCIAL SCIENCE
▼x Discrimination & Race Relations.
▼2 bisacsh |
| 650 | 7 |
▼a SOCIAL SCIENCE
▼x Minority Studies.
▼2 bisacsh |
| 651 | 0 |
▼a New York (N.Y.)
▼x Social conditions
▼y 20th century
▼v Sources. |
| 651 | 0 |
▼a New York (N.Y.)
▼x Ethnic relations
▼v Sources. |
| 651 | 0 |
▼a New York (N.Y.)
▼v Biography. |
| 655 | 4 |
▼a Electronic books. |
| 700 | 1 |
▼a Enck-Wanzer, Darrel. |
| 776 | 08 |
▼i Print version:
▼t Young Lords.
▼d New York : New York University Press, c2010
▼z 9780814722411
▼w (DLC) 2010020183
▼w (OCoLC)624552276 |
| 856 | 40 |
▼3 EBSCOhost
▼u http://search.ebscohost.com/login.aspx?direct=true&scope=site&db=nlebk&db=nlabk&AN=343813 |
| 938 | |
▼a YBP Library Services
▼b YANK
▼n 3519449 |
| 938 | |
▼a ebrary
▼b EBRY
▼n ebr10425207 |
| 990 | |
▼a 관리자 |
| 994 | |
▼a 92
▼b K4R |